MARC

Tag First Indicator Second Indicator Subfields
LEADER 00000cam a2200000 a 4500
001 in00002000260
005 20151031123649.0
008 981201s1996 un b 000 0 ukrod
010 |a  98225704  
019 |a 37618984 
020 |a 5770210192 
035 |a (OCoLC)ocm41017271 
040 |a ZCU  |c DLC  |d OCLCQ  |d TXA  |d UtOrBLW 
041 0 |a ukr  |b eng 
042 |a lccopycat 
043 |a e-pl---  |a e-un--- 
049 |a TXAM 
050 0 0 |a JN6769.G26  |b A75 1996 
100 1 |a Arkusha, Olena. 
245 1 0 |a Halyt︠s︡ʹkyĭ Seĭm--vyborchi kampaniï 1889 i 1895 rr. /  |c Olena Arkusha. 
246 1 |i Title on p. 170:  |a Galician Seim--election compaigns [i.e. campaigns] in 1889 and 1895 
246 3 |a Galician Seim--election campaigns in 1889 and 1895 
264 1 |a Lʹviv :  |b Nat︠s︡ionalʹna akademii︠a︡ nauk Ukraïny, In-t ukraïnoznavstva im. I. Kryp'i︠a︡kevycha,  |c 1996. 
300 |a 173 pages ;  |c 20 cm. 
336 |a text  |b txt  |2 rdacontent 
337 |a unmediated  |b n  |2 rdamedia 
338 |a volume  |b nc  |2 rdacarrier 
546 |a Text in Ukrainian with summary in English. 
504 |a Includes bibliographical references (pages 158-[169]). 
610 1 0 |a Galicia (Poland and Ukraine).  |b Sejm Krajowy Galicyjski  |x Elections, 1889  |x History. 
610 1 0 |a Galicia (Poland and Ukraine).  |b Sejm Krajowy Galicyjski  |x Elections, 1895  |x History. 
650 0 |a Elections  |z Galicia (Poland and Ukraine)  |x History  |y 19th century. 
651 0 |a Galicia (Poland and Ukraine)  |x Politics and government  |y 19th century. 
651 0 |a Galicia (Poland and Ukraine)  |x Ethnic relations  |x History  |y 19th century. 
948 |a cataloged  |b h  |c 2004/10/18  |d c  |e spoltoratski  |f 10:09:34 am 
994 |a E0  |b TXA 
999 |a MARS 
999 f f |s 70ac511c-f744-3531-a2f5-55ee53516ea7  |i bf829d8f-1313-33cb-bc9e-61650cd2b2db  |t 0 
952 f f |p ric  |a Texas A&M University  |b Rellis Campus  |c Joint Library Facility  |d Remote Storage  |t 0  |e JN6769.G26 A75 1996  |h Library of Congress classification  |i unmediated -- volume  |m A14831379463 
998 f f |a JN6769.G26 A75 1996  |t 0  |l Remote Storage